000 00673nam a2200241Ia 4500
003 OSt
005 20220924153344.0
006 a|||||r|||| 00| 0
007 ta
008 220923b |||||||| |||| 00| 0 urd d
020 _c200
024 _a349569
037 _b5534, 06/03/2009, Modern Publishing House
_cTextual
040 _aARTS
_cARTS
_burd
041 _2urd
_aurd
082 _aO168,6N60:g, P8
100 _aImamazam Au.
_9228631
245 0 _aGesuye tanqeed
260 _c2008
650 _aURDU PROSE
_926866
942 _hO168,6N60:g, P8
_cTEXL
_2CC
999 _c473317
_d473317